• 首页
  • 本馆介绍
  • 公告通知
  • 最新文献
  • 馆藏检索
  • 电子资源
  • 读者导购
  • 参考咨询
  • 我的图书馆
  • 登录
  • 详细信息显示
  • 放入我的书架
  • 预约/预借图书
  • 作者相关作品
  • 分类相关作品
  • 丛书相关作品
  • 出版社相关作品

书目信息

  • 表格格式
  • 工作单格式
  • 卡片格式
题名:
调和分析讲义(实变方法)
    
 
作者: 周民强 著
分册:  
出版信息: 北京   北京大学出版社  1999
页数: 272页
开本: 20cm
丛书名:
单 册:
中图分类: O174.3
科图分类:
主题词: 数学分析
电子资源:
ISBN: 7-301-04317-3
000 00542nam0 2200181 450
001 0732828906
005 20070903090708.90
010    @a7-301-04317-3@d¥13.00
100    @a20070903d km y0chiy0120 ea
101 0  @achi
200 1  @a调和分析讲义(实变方法)@Adiao he fen xi jiang yi(shi bian fang fa)@f周民强著@Fzhou min qiang zhu
210    @a北京@c北京大学出版社@d1999
215    @a272页@d20cm
606 0  @a数学分析
690    @aO174.3@v3
701  0 @a周民强@Azhou min qiang@4著
801  0 @aCN@bPFT@c20070903
905    @a213230@dO174.3@eS234@f1
    
    调和分析讲义(实变方法)/周民强著.-北京:北京大学出版社,1999
    272页;20cm
    
    
    ISBN 7-301-04317-3:¥13.00
    
●
相关链接 在E读中查询图书 在五车中查询图书 在当当中查询图书 在豆瓣中查询图书


正题名:调和分析讲义(实变方法)     索取号:O174.3/S234         预约/预借

序号 登录号 条形码 馆藏地/架位号 状态 备注
1 6702576   267025765   密集书库-数信学院/ [索取号:O174.3/S234] 在馆    
2 6702577   267025774   密集书库-数信学院/ [索取号:O174.3/S234] 在馆    
3 6702578   267025783   密集书库-数信学院/ [索取号:O174.3/S234] 在馆    
唐山师范学院图书馆 欢迎您!
大连网信软件有限公司© 版权所有